[Event "GER-chT Youth Countries 2018"]
[Site "Wurzburg"]
[Date "2018.10.03"]
[Round "1"]
[White "Nguyen, Huy Dat"]
[Black "Polster, Christian"]
[Result "0-1"]
[WhiteElo "2194"]
[BlackElo "2294"]
[Annotator "NA"]
[PlyCount "101"]
[EventDate "2018.10.03"]
[EventType "team-tourn"]
[EventCountry "GER"]
[SourceTitle "playchess.com"]
[Source "ChessBase"]
[SourceQuality "1"]
[TimeControl "40/5400+30:1800+30"]

1. e4 {[%emt 0:00:00]} c5 {[%emt 0:00:00]} 2. Nf3 {[%emt 0:00:30]} d6 {[%emt 0:00:00]} 3. Bc4 Nf6 {[%emt 0:00:11]} 4. d3 {[%emt 0:00:00]} Nc6 {[%emt 0:00:45]} 5. c3 {[%emt 0:00:00]} e6 {[%emt 0:02:09]} 6. Bb3 {B50: Sicilian: 2...d6, Miscellaneous} Be7 {[%emt 0:02:22]} 7. Qe2 {[%emt 0:02:29]} O-O {[%emt 0:00:34]} 8. Nbd2 {[%emt 0:00:56]} b5 {[%emt 0:04:57]} 9. Nf1 {[%emt 0:01:01]} Bb7 $146 {[%emt 0:02:33]} ({Predecessor:} 9... a5 10. Ng3 Ba6 11. O-O d5 12. e5 Nd7 13. a3 b4 14. Re1 bxc3 15. bxc3 {½-½ (54) Boschetti,C (2198)-Gallagher,J (2552) Switzerland 2005}) 10. Ng3 {[%emt 0:01:13]} Ne5 {[%emt 0:07:16]} 11. Nxe5 {[%emt 0:04:54]} dxe5 {[%emt 0:00:15]} 12. O-O {[%emt 0:00:19]} Qb6 {[%emt 0:04:28]} 13. Kh1 {[%emt 0:02:54]} Bd6 {[%emt 0:31:15]} 14. f4 {[%emt 0:01:30]} exf4 {[%emt 0:05:16]} 15. Bxf4 {[%emt 0:00:24]} Bxf4 {[%emt 0:00:09]} 16. Rxf4 {[%emt 0:00:09]} e5 {[%emt 0:15:03]} 17. Rf2 {[%emt 0:01:07]} Bc8 {[%emt 0:04:26]} 18. Raf1 {[%emt 0:06:37]} Be6 {[%emt 0:05:19]} 19. Rxf6 {[%emt 0:04:37]} gxf6 {[%emt 0:00:44]} 20. Rxf6 {[%emt 0:00:59]} Qd8 {[%emt 0:11:02]} 21. Nh5 {[%emt 0:00:08]} Kh8 {[%emt 0:00:33]} 22. Qf3 {[%emt 0:07:12]} Rg8 {[%emt 0:00:59]} 23. Bxe6 {[%emt 0:09:34]} fxe6 {[%emt 0:00:25]} 24. h3 {[%emt 0:03:51]} Rf8 {[%emt 0:00:41]} 25. Qg3 {[%emt 0:00:30]} Qc7 {[%emt 0:00:07]} 26. Rxe6 {[%emt 0:00:34]} Rae8 {[%emt 0:00:50]} 27. Rxe8 Rxe8 {[%emt 0:00:07]} 28. Nf6 {[%emt 0:26:06]} Rf8 {[%emt 0:00:31]} 29. Ng4 {[%emt 0:02:00]} Rf4 {[%emt 0:01:01]} 30. Kh2 {[%emt 0:02:06]} c4 {[%emt 0:00:24] [#]} (30... Qd6 $11 {keeps the balance.}) 31. d4 $1 {[%emt 0:01:49]} exd4 $2 {[%emt 0:00:29]} (31... Qg7 $16 {war angesagt.}) 32. cxd4 {[%emt 0:00:30]} Rf7 {[%emt 0:00:28]} 33. Ne5 {[%emt 0:00:29]} Rg7 {[%emt 0:00:24]} 34. Qf4 {[%emt 0:01:20]} Kg8 {[%emt 0:00:28]} 35. Qf5 {[%emt 0:02:58]} Re7 {[%emt 0:00:44]} 36. Qg5+ {[%emt 0:03:20]} Rg7 {[%emt 0:00:28]} 37. Qh5 {[%emt 0:00:18]} Kf8 {[%emt 0:00:30]} 38. Kh1 {[%emt 0:00:58]} b4 {[%emt 0:00:28]} 39. Qf5+ {[%emt 0:01:23]} Ke7 {[%emt 0:00:23]} 40. d5 {[%emt 0:01:33]} c3 {[%emt 0:00:42]} 41. bxc3 {[%emt 0:34:08]} bxc3 {[%emt 0:30:19]} 42. Nc6+ {[%emt 0:01:04]} Ke8 {[%emt 0:00:00]} 43. Qe6+ {[%emt 0:00:00]} Kf8 {[%emt 0:00:00]} 44. Qf6+ {[%emt 0:00:00]} Qf7 {[%emt 0:00:00]} 45. Qd8+ $1 {[%emt 0:00:00]} Qe8 {[%emt 0:00:00]} 46. Qf6+ {[%emt 0:00:00]} Kg8 {[%emt 0:00:00]} 47. Qxc3 {[%emt 0:00:00]} Qxe4 {[%emt 0:00:00]} 48. Qd2 {[%emt 0:00:00]} h6 {[%emt 0:00:00]} 49. Nb4 {[%emt 0:00:00]} Rd7 {[%emt 0:00:00]} 50. Qc1 $19 {[%emt 0:00:00]} (50. a4 $15) 50... Kh7 {[%emt 0:00:00]} 51. Qf1 {[%emt 0:00:00]} 0-1

[Event "GER-chT Youth Countries 2018"]
[Site "Wurzburg"]
[Date "2018.10.03"]
[Round "1"]
[White "Schmider, Niklas"]
[Black "Joeres, Stefan"]
[Result "1/2-1/2"]
[WhiteElo "2190"]
[BlackElo "2043"]
[Annotator "TA"]
[PlyCount "58"]
[EventDate "2018.10.03"]
[EventType "team-tourn"]
[EventCountry "GER"]
[SourceTitle "playchess.com"]
[Source "ChessBase"]
[SourceQuality "1"]

{[%evp 22,58,49,35,28,10,10,10,7,14,14,29,35,7,4,0,0,0,0,0,0,0,7,7,16,7,8,1,10,1,18,20,33,0,0,0,39,0,0]} 1. e4 c5 2. Nf3 Nc6 3. d4 cxd4 4. Nxd4 g6 5. c4 Bg7 6. Be3 Nf6 7. Nc3 O-O 8. Be2 Nxd4 9. Bxd4 d6 10. Qd2 Qa5 11. f3 Be6 12. a3 {LiveBook: 3 Games. B38: Sicilian: Maroczy Bind with 5...Bg7 and 7...0-0} (12. b3 Rfc8 13. Rc1 a6 14. Be3 b5 15. Nd5 Qxd2+ 16. Kxd2 Nxd5 17. cxd5 Bd7 18. Rxc8+ Rxc8 19. Rc1 Rxc1 20. Kxc1 Kf8 21. Kc2 Ke8 22. Bb6 e6 23. dxe6 fxe6 24. Kd3 Bc6 25. f4 e5 26. g3 d5 27. exd5 Bxd5 28. fxe5 Bxe5 {½-½ (50) Li,C (2745)-Nguyen,N (2629) Ashkhabad 2017}) 12... Rfc8 13. b4 Qd8 14. Nd5 Bxd5 15. exd5 Nd7 16. Bxg7 Kxg7 17. O-O a5 $146 ({Predecessor:} 17... Qb6+ 18. Kh1 a5 19. Rab1 Kg8 {0-1 (31) Korchmar,V (2244)-Gochelashvili,D (2428) Voronezh 2011}) 18. Kh1 axb4 19. axb4 Rxa1 20. Rxa1 Ra8 21. Re1 Qb6 22. Bd1 Qd8 23. h3 Nf6 24. Qd4 Qd7 25. Bb3 Qc7 26. c5 Rd8 27. Rc1 dxc5 28. bxc5 Kg8 (28... b6 $5) 29. Rd1 {[#] Hoping for d6.} Nxd5 $1 {Precision: White = 53%, Black = 61%.} 1/2-1/2

[Event "GER-chT Youth Countries 2018"]
[Site "Wurzburg"]
[Date "2018.10.03"]
[Round "1"]
[White "Knuedel, Torben"]
[Black "Philipp, Mathias"]
[Result "1-0"]
[WhiteElo "2135"]
[BlackElo "2076"]
[Annotator "TA"]
[PlyCount "61"]
[EventDate "2018.10.03"]
[EventType "team-tourn"]
[EventCountry "GER"]
[SourceTitle "playchess.com"]
[Source "ChessBase"]
[SourceQuality "1"]

{[%evp 13,61,37,41,29,43,35,58,56,51,71,77,79,81,80,95,76,100,84,108,109,89,90,90,84,77,74,139,58,213,95,106,86,187,153,163,156,629,613,597,561,1582,1514,2068,2131,29990,29990,29990,29990,29991,29991]} 1. e4 d6 2. d4 Nf6 3. Nc3 Nbd7 4. g4 h6 5. h3 e5 6. Nge2 {B07: Pirc Defence: Miscellaneous Systems} c6 7. Be3 b5 {LiveBook: 5 Games} 8. Ng3 {White is slightly better.} Bb7 9. Bg2 Qc7 $146 ({Predecessor:} 9... g6 10. O-O Bg7 11. Qd2 Qe7 12. Rad1 {½-½ (40) Vysochin,S (2526)-Giri,A (2690) Olginka 2011}) 10. O-O b4 11. Nce2 g6 12. c3 a5 13. Qd2 c5 14. f4 exd4 15. cxd4 h5 {[#]} 16. g5 $1 {[%cal Rg5f6]} h4 17. gxf6 {Threatens to win with Nh1.} hxg3 18. Nxg3 Nxf6 19. e5 $36 {[%mdl 2048] Keeping Black busy.} Nh5 {[#]} (19... Nd5 $142) 20. Ne4 ({White should play} 20. exd6 $1 $16 Bxd6 21. dxc5) 20... O-O-O $2 ({Black should try} 20... Rd8 $14) 21. Rfc1 (21. exd6 Bxd6 22. d5 (22. Nxd6+ Qxd6 23. Rac1 Kb8 $16) 22... c4) (21. d5 $18 {and White stays clearly on top.}) 21... Bxe4 $16 22. Bxe4 {dxc5 is the strong threat.} d5 (22... Ng3 $16 23. Bg2 dxe5) 23. Bf3 c4 24. Qg2 Qc6 $2 {[#]} (24... Bh6 $16) 25. Rxc4 $1 $18 {[%mdl 512]} Qxc4 26. Rc1 Kb8 {And now ...Qb5 would win.} 27. Rxc4 dxc4 28. Qc2 {Qe4 would kill now.} Rc8 29. Qe4 {[%csl Gf3][%cal Re4b7] White mates.} Kc7 30. Qb7+ Kd8 31. d5 {Precision: White = 66%, Black = 20%.} 1-0

[Event "GER-chT Youth Countries 2018"]
[Site "Wurzburg"]
[Date "2018.10.03"]
[Round "1"]
[White "Doll, Alexander"]
[Black "Muetsch, Annmarie"]
[Result "1/2-1/2"]
[WhiteElo "2122"]
[BlackElo "2206"]
[Annotator "ChessBase"]
[PlyCount "51"]
[EventDate "2018.10.03"]
[EventType "team-tourn"]
[EventCountry "GER"]
[SourceTitle "playchess.com"]
[Source "ChessBase"]
[SourceQuality "1"]
[TimeControl "40/5400+30:1800+30"]

1. e4 {[%emt 0:00:00]} c5 {[%emt 0:00:00]} 2. c3 {[%emt 0:00:00]} d5 {[%emt 0:00:00]} 3. exd5 {[%emt 0:00:00]} Qxd5 {[%emt 0:00:00]} 4. d4 {[%emt 0:00:00]} Bf5 {[%emt 0:00:00]} 5. Nf3 {[%emt 0:01:08]} Nc6 {[%emt 0:00:08]} 6. Be3 {[%emt 0:02:29]} cxd4 {[%emt 0:00:24]} 7. Nxd4 {[%emt 0:02:09]} Nf6 {[%emt 0:01:52]} 8. Qb3 {[%emt 0:05:23]} Nxd4 {[%emt 0:37:09]} 9. Bxd4 {[%emt 0:07:12]} e5 {[%emt 0:06:38]} 10. Qb5+ {[%emt 0:18:48]} Qxb5 {[%emt 0:04:11]} 11. Bxb5+ {[%emt 0:00:24]} Bd7 {[%emt 0:00:05]} 12. Bxd7+ {[%emt 0:00:24]} Nxd7 {[%emt 0:04:53]} 13. Be3 {[%emt 0:01:05]} f5 {[%emt 0:01:34]} 14. f3 {[%emt 0:02:55]} O-O-O {[%emt 0:20:57]} 15. Nd2 {[%emt 0:05:25]} Nc5 {[%emt 0:03:11]} 16. Bxc5 {[%emt 0:00:59]} Bxc5 {[%emt 0:00:06]} 17. O-O-O {[%emt 0:00:41]} Be3 {[%emt 0:03:35]} 18. Rhe1 {[%emt 0:02:32]} Bxd2+ {[%emt 0:01:17]} 19. Rxd2 {[%emt 0:00:11]} Rxd2 {[%emt 0:00:04]} 20. Kxd2 {[%emt 0:00:04]} Re8 {[%emt 0:00:55]} 21. g4 {[%emt 0:05:04]} fxg4 {[%emt 0:02:31]} 22. fxg4 {[%emt 0:00:40]} Kd7 {[%emt 0:00:18]} 23. Rf1 {[%emt 0:00:26]} Ke6 {[%emt 0:00:45]} 24. Ke3 {[%emt 0:00:43]} Rd8 {[%emt 0:00:49]} 25. a3 {[%emt 0:05:05]} Rc8 {[%emt 0:01:45]} 26. Ke4 1/2-1/2

[Event "GER-chT Youth Countries 2018"]
[Site "Wurzburg"]
[Date "2018.10.03"]
[Round "1"]
[White "Huber, Benedikt"]
[Black "Astner, Sebastian"]
[Result "0-1"]
[WhiteElo "2116"]
[BlackElo "1849"]
[Annotator "TA"]
[PlyCount "50"]
[EventDate "2018.10.03"]
[EventType "team-tourn"]
[EventCountry "GER"]
[SourceTitle "playchess.com"]
[Source "ChessBase"]
[SourceQuality "1"]

{[%evp 15,50,48,48,37,51,43,69,35,22,28,68,-28,-31,-37,0,-45,0,-52,-56,-157,-148,-147,-168,-168,-171,-240,-245,-236,-239,-234,-222,-355,-325,-336,-312,-391,-393]} 1. d4 b6 2. e4 Bb7 3. Bd3 e6 4. Nf3 Nf6 5. Qe2 d5 6. e5 Ne4 7. O-O {B00: Damenfianchetto, Nimzowitsch-Verteidigung} (7. Nbd2 Nxd2 8. Bxd2 c5 9. c3 Nc6 10. a3 Be7 11. b4 Rc8 12. O-O O-O 13. Rfe1 Qd7 14. h4 cxd4 15. cxd4 {½-½ (47) Grischuk,A (2766)-Nepomniachtchi,I (2757) chess.com INT 2018}) 7... c5 8. c3 Be7 {LiveBook: 4 Partien} 9. Rd1 {Weiß steht etwas besser.} O-O 10. Ne1 $146 ({Vorgänger:} 10. Be3 cxd4 11. Nxd4 Nd7 12. f4 Ndc5 13. Bc2 Qc8 14. Nd2 Nxd2 15. Rxd2 {1-0 (30) Sandler,L (2381)-Baron,M (2320) Elwood 2005}) 10... h6 {[%cal Bh7h6,Bh6h5][%mdl 32]} 11. Qg4 {[#] Lxe4 ist eine echte Drohung.} f5 12. exf6 Rxf6 13. f3 ({Besser ist} 13. Nf3 $14) 13... Nd6 $11 ({Schlechter ist} 13... c4 14. fxe4 cxd3 15. e5 $18 (15. Nxd3 dxe4 16. Nf4 Qe8 $11)) 14. Bf4 h5 15. Qg5 Rf5 16. Qg3 (16. Qg6 $1 $11 Rxf4 17. Qh7+ Kf8 18. Qh8+ Kf7 19. Qxh5+ Kf8 20. Qh8+ Kf7 21. Qh5+ Kf8 22. Qh8+ Kf7 23. Qh5+) 16... Bh4 $36 {[%mdl 2048] Schwarz hat Initiative.} 17. Qg6 (17. Bxf5 $15 Bxg3 18. Bxe6+ Kh8 19. Bxg3) 17... Rxf4 $17 18. g3 {[#]} Rf6 $1 {[%cal Rf6g6]} 19. Qh7+ Kf8 20. Bg6 (20. Qh8+ $142 Ke7 21. Qxd8+ Kxd8 22. dxc5 Bxg3 23. hxg3 bxc5 24. Nd2) 20... Bg5 $19 21. Qh8+ Ke7 22. Qxg7+ Nf7 23. Bxf7 (23. Ng2 $142 Bh6 24. Qh7) 23... Be3+ 24. Kg2 Rxf7 25. Qg6 {beabsichtigt Sc2.} Qh8 {Precision: Weiß = 22%, Schwarz = 79%.} 0-1

[Event "GER-chT Youth Countries 2018"]
[Site "Wurzburg"]
[Date "2018.10.03"]
[Round "1"]
[White "Pubantz, Jan"]
[Black "Ratay, Meike"]
[Result "0-1"]
[WhiteElo "2084"]
[BlackElo "1887"]
[Annotator "NA"]
[PlyCount "92"]
[EventDate "2018.10.03"]
[EventType "team-tourn"]
[EventCountry "GER"]
[SourceTitle "playchess.com"]
[Source "ChessBase"]
[SourceQuality "1"]
[TimeControl "40/5400+30:1800+30"]

1. d4 {[%emt 0:00:00]} Nf6 {[%emt 0:00:00]} 2. c4 {[%emt 0:00:00]} e6 {[%emt 0:00:00]} 3. Nf3 {[%emt 0:00:00]} b6 {[%emt 0:00:00]} 4. g3 {[%emt 0:00:00]} Ba6 {[%emt 0:00:14]} 5. Qc2 {[%emt 0:00:19]} Be7 {[%emt 0:00:54] E15: Queen's Indian: 4 g3 sidelines, 4 g3 Ba6 and 4 g3 Bb7 early deviations} 6. Bg2 {[%emt 0:00:46]} O-O {[%emt 0:00:25]} 7. O-O {[%emt 0:09:02]} c6 {[%emt 0:00:36]} 8. Rd1 {[%emt 0:09:22]} d5 {[%emt 0:09:07]} 9. Ne5 {[%emt 0:03:53]} Bb7 {[%emt 0:03:49]} 10. Nc3 {[%emt 0:02:40]} Nbd7 {[%emt 0:04:47]} 11. e4 {[%emt 0:01:37]} Rc8 {[%emt 0:04:43]} 12. Bg5 $146 {[%emt 0:16:10]} ({Predecessor:} 12. Bf4 a6 13. Qe2 dxe4 14. Nxe4 Nxe4 15. Bxe4 Nxe5 16. Bxe5 {1-0 (39) Matlakov,M (2533)-Kalugin,S (2406) Dagomys 2009}) 12... Nxe4 {[%emt 0:06:52]} 13. Bxe7 {[%emt 0:00:33]} Qxe7 {[%emt 0:00:05]} 14. Nxe4 {[%emt 0:00:16]} dxe4 {[%emt 0:00:07]} 15. Bxe4 {[%emt 0:00:59]} Nf6 {[%emt 0:01:07]} 16. c5 {[%emt 0:10:03]} Nxe4 {[%emt 0:10:11]} 17. Qxe4 {[%emt 0:00:06]} bxc5 {[%emt 0:00:22]} 18. dxc5 {[%emt 0:00:27]} Rfd8 {[%emt 0:00:25]} 19. b4 {[%emt 0:06:05]} Rd5 {[%emt 0:03:35]} 20. Nc4 {[%emt 0:05:32]} Ba6 {[%emt 0:02:20]} 21. Nd6 {[%emt 0:03:22]} Rb8 {[%emt 0:00:43]} 22. a4 {[%emt 0:08:43]} Qf6 {[%emt 0:07:40] [#]} 23. b5 {[%emt 0:02:34]} ({White should play} 23. Rab1 $1 $18) 23... cxb5 {[%emt 0:03:04]} 24. axb5 {[%emt 0:03:34]} Bxb5 {[%emt 0:09:00] [#]} 25. Rdb1 $1 {[%emt 0:06:26]} Qc3 {[%emt 0:06:15]} (25... Rxc5 $16 {is a better defense.} 26. Qe3 (26. Rxa7 Qd8 $14) 26... Rbc8) 26. Qf4 {[%emt 0:03:04]} f5 {[%emt 0:05:11]} 27. Rxa7 {[%emt 0:06:24]} ({Less strong is} 27. Nxb5 Rxb5 28. Rc1 Qd4 $16) (27. Nxf5 $1 $18 {is the precise move to win.} Rdd8 28. c6 exf5 29. c7) 27... Qxc5 {[%emt 0:05:55] [#]} 28. Rxg7+ $1 {[%emt 0:01:17]} Kxg7 {[%emt 0:00:28]} 29. Qg5+ {[%emt 0:00:05]} Kf8 {[%emt 0:00:12]} 30. Qf6+ {[%emt 0:00:29]} Kg8 {[%emt 0:00:13]} 31. Qg5+ {[%emt 0:00:49]} (31. Qxe6+ $16 {is forced if you want to stay better.} Kg7 32. Qe7+ Kh8 33. Qf6+ Kg8 34. Qg5+ Kf8 35. Rxb5 Qxd6 36. Rxb8+ Qxb8 37. Qf6+ Kg8 38. Qe6+ Kg7 39. Qxd5) 31... Kf8 {[%emt 0:00:08]} 32. Qf6+ {[%emt 0:00:10]} Kg8 {[%emt 0:00:09]} 33. Nf7 $2 {[%emt 0:00:58]} h5 {[%emt 0:05:53]} 34. Nh6+ {[%emt 0:00:36]} Kh7 {[%emt 0:00:08]} 35. Qf7+ {[%emt 0:00:31]} Kxh6 {[%emt 0:00:50]} 36. Qf6+ {[%emt 0:00:16]} Kh7 {[%emt 0:00:07]} 37. Qf7+ {[%emt 0:00:05]} Kh8 {[%emt 0:01:25]} 38. Qf6+ {[%emt 0:00:18]} Kg8 {[%emt 0:01:12]} 39. Qg6+ {[%emt 0:00:36]} Kf8 {[%emt 0:01:10]} 40. Qf6+ {[%emt 0:01:07] [#]} Ke8 $1 {[%emt 0:02:24]} 41. Qh8+ {[%emt 0:13:33]} Qf8 {[%emt 0:01:38]} 42. Qxh5+ {[%emt 0:00:08]} Ke7 {[%emt 0:03:49]} 43. Rc1 {[%emt 0:01:41]} Qh8 {[%emt 0:06:31]} 44. Qg5+ {[%emt 0:01:18]} Qf6 {[%emt 0:00:08]} 45. Qf4 {[%emt 0:00:04]} Rbd8 {[%emt 0:01:48]} 46. Qb4+ {[%emt 0:00:20]} Ke8 $19 {[%emt 0:01:25]} 0-1

[Event "GER-chT Youth Countries 2018"]
[Site "Wurzburg"]
[Date "2018.10.03"]
[Round "1"]
[White "Engel, Robert"]
[Black "Garbuz, Vitaliy"]
[Result "1-0"]
[WhiteElo "2059"]
[BlackElo "2182"]
[Annotator "NA"]
[PlyCount "147"]
[EventDate "2018.10.03"]
[EventType "team-tourn"]
[EventCountry "GER"]
[SourceTitle "playchess.com"]
[Source "ChessBase"]
[SourceQuality "1"]
[TimeControl "40/5400+30:1800+30"]

1. e4 {[%emt 0:00:00]} e5 {[%emt 0:00:00]} 2. Nf3 {[%emt 0:00:00]} Nc6 {[%emt 0:00:00]} 3. Bc4 {[%emt 0:00:00]} Nf6 {[%emt 0:00:09]} 4. d3 {[%emt 0:00:00]} Qe7 {[%emt 0:00:35]} (4... Be7 5. Nc3 O-O 6. a3 d6 7. Be3 Kh8 8. Ng5 Qe8 9. h4 h6 10. f3 Nd4 11. Qd2 b5 12. Ba2 c6 13. O-O-O a5 {0-1 (40) Duda,J (2737)-Grischuk,A (2766) chess.com INT 2018}) 5. Nc3 {[%emt 0:07:25]} Na5 {[%emt 0:00:39] LiveBook: 3 Games} 6. O-O {[%emt 0:05:26] C55: Two Knights: 4 d3, 4 d4 exd4 5 e5 and Max Lange Attack} Nxc4 {[%emt 0:02:09]} 7. dxc4 {[%emt 0:00:06]} d6 {[%emt 0:01:03]} 8. h3 $146 {[%emt 0:01:48] White is slightly better.} ({Predecessor:} 8. Qd3 c6 9. b3 Nd7 10. Ba3 Nc5 11. Qe3 Bg4 12. Ne1 {0-1 (28) Martidis,A (2360)-Nikolaidis,I (2425) Athens 1994}) 8... Be6 {[%emt 0:00:35]} 9. Qd3 {[%emt 0:02:46]} g6 {[%emt 0:01:43]} 10. b4 {[%emt 0:07:40]} a5 {[%emt 0:00:59]} 11. bxa5 {[%emt 0:03:05]} Rxa5 {[%emt 0:00:58]} 12. Nd2 {[%emt 0:02:47]} (12. Bd2 $11) 12... Bg7 $15 {[%emt 0:03:09]} 13. Nb3 {[%emt 0:02:03]} Ra8 {[%emt 0:00:46]} 14. Be3 {[%emt 0:05:12]} O-O {[%emt 0:00:33]} 15. c5 {[%emt 0:01:23]} Rfd8 {[%emt 0:04:20]} 16. cxd6 $1 {[%emt 0:02:58]} Qxd6 {[%emt 0:12:24]} 17. Qb5 {[%emt 0:04:19]} Bd7 {[%emt 0:02:38]} 18. Qc4 {[%emt 0:04:03]} Be6 {[%emt 0:03:46]} 19. Qb5 $1 {[%emt 0:00:47]} Bd7 {[%emt 0:08:16]} 20. Qc4 $1 {[%emt 0:01:32]} Qc6 {[%emt 0:03:54]} 21. Qxc6 {[%emt 0:03:11]} Bxc6 {[%emt 0:00:06]} ({Of course not} 21... bxc6 $6 22. Nc5 $14) 22. f3 {[%emt 0:00:52]} b5 {[%emt 0:07:55]} 23. Rfd1 {[%emt 0:06:03]} Rxd1+ {[%emt 0:02:55]} 24. Nxd1 {[%emt 0:00:19]} Bf8 {[%emt 0:02:44]} 25. Kf2 {[%emt 0:03:44]} Nd7 {[%emt 0:03:08]} 26. g4 {[%emt 0:04:20]} Nb6 {[%emt 0:01:44]} 27. Bxb6 {[%emt 0:01:21]} cxb6 {[%emt 0:00:13]} 28. Nb2 {[%emt 0:02:33]} Bb4 {[%emt 0:01:03] White must now prevent ...Bc3.Black is better.} 29. Nd1 {[%emt 0:02:03]} Bd7 {[%emt 0:02:01]} 30. Ke2 {[%emt 0:02:21]} Be6 {[%emt 0:01:30] Precision: White = 41%, Black = 65%.} 31. Ne3 {[%emt 0:05:50]} Bc3 {[%emt 0:00:50]} 32. Rd1 {[%emt 0:00:05]} Rxa2 {[%emt 0:00:30]} 33. Rd8+ {[%emt 0:00:16]} Kg7 {[%emt 0:00:11]} 34. Kd3 {[%emt 0:00:19]} Bb4 {[%emt 0:02:27]} 35. Nd5 {[%emt 0:02:26]} Bc5 {[%emt 0:11:57]} 36. g5 {[%emt 0:01:50]} f5 {[%emt 0:16:21]} 37. gxf6+ {[%emt 0:03:59]} Kf7 {[%emt 0:00:02]} 38. Rh8 {[%emt 0:01:03]} Bxd5 {[%emt 0:02:15]} 39. Rxh7+ {[%emt 0:00:16]} Kg8 {[%emt 0:00:14]} 40. Rg7+ {[%emt 0:00:08]} Kf8 {[%emt 0:00:13]} 41. exd5 {[%emt 0:30:17]} Ra4 {[%emt 0:31:41]} 42. Rc7 {[%emt 0:02:10]} Rc4 {[%emt 0:00:00]} 43. c3 {[%emt 0:00:00]} Rf4 {[%emt 0:00:00]} 44. Nxc5 {[%emt 0:00:00]} bxc5 {[%emt 0:00:00]} 45. Rxc5 {[%emt 0:00:00]} Rxf6 {[%emt 0:00:00]} 46. Ke3 {[%emt 0:00:00]} Rf4 {[%emt 0:00:00]} 47. Rxb5 {[%emt 0:00:00]} Rc4 {[%emt 0:00:00]} 48. d6 {[%emt 0:00:00]} Rxc3+ {[%emt 0:00:00]} 49. Ke4 {[%emt 0:00:00]} Ke8 {[%emt 0:00:00]} 50. Rxe5+ {[%emt 0:00:00]} Kd7 {[%emt 0:00:00]} 51. Rd5 {[%emt 0:00:00]} Rc4+ {[%emt 0:00:00]} 52. Rd4 {[%emt 0:00:00]} Rc5 {[%emt 0:00:00]} 53. Kf4 {[%emt 0:00:00]} Rf5+ {[%emt 0:00:00]} 54. Kg4 {[%emt 0:00:00]} Rh5 {[%emt 0:00:00]} 55. h4 {[%emt 0:00:00]} Rc5 {[%emt 0:00:00]} 56. f4 {[%emt 0:00:00]} Rb5 {[%emt 0:00:00]} 57. Ra4 {[%emt 0:00:00]} Kxd6 {[%emt 0:00:55]} 58. Ra6+ {[%emt 0:00:00]} Ke7 {[%emt 0:00:05]} 59. Rxg6 {[%emt 0:00:00]} Kf7 {[%emt 0:00:09]} 60. h5 {[%emt 0:00:00]} Rb1 {[%emt 0:01:07]} 61. Ra6 {[%emt 0:00:00]} Rg1+ {[%emt 0:00:19]} 62. Kf5 {[%emt 0:00:01]} Rh1 {[%emt 0:00:41]} 63. Ra7+ {[%emt 0:00:18]} Kg8 {[%emt 0:00:21]} 64. Kg6 {[%emt 0:02:40]} Rg1+ {[%emt 0:00:03]} 65. Kf6 {[%emt 0:00:21]} Rh1 {[%emt 0:01:04]} 66. f5 {[%emt 0:02:09]} Rb1 {[%emt 0:00:53]} 67. Rg7+ {[%emt 0:01:51]} Kh8 {[%emt 0:00:58]} 68. Re7 {[%emt 0:00:04]} Rb6+ {[%emt 0:00:24]} 69. Re6 {[%emt 0:01:02]} Rb8 {[%emt 0:00:29]} 70. Kg6 {[%emt 0:00:26]} Rg8+ {[%emt 0:01:41]} 71. Kh6 {[%emt 0:00:28]} Rf8 {[%emt 0:00:10]} 72. f6 {[%emt 0:00:20]} Kg8 {[%emt 0:00:20]} 73. Kg6 {[%emt 0:00:18]} Kh8 {[%emt 0:00:30]} 74. f7 1-0